[Event "Cappelle-la-Grande 2014"]
[Site "Cappelle-la-Grande (FRA)"]
[Date "????.??.??"]
[Round "6.87"]
[White "Hadet, Emmanuel"]
[Black "Lorscheid, Gerhard"]
[Result "0-1"]
[WhiteElo "1949"]
[BlackElo "2229"]
[PlyCount "82"]

1. e4 d6 2. d4 Nf6 3. Nc3 e5 4. Nf3 Nbd7 5. Bc4 Be7 6. O-O O-O 7. Re1 a6 8. a4
b6 9. Ba2 c6 10. Bg5 h6 11. Bh4 Nh5 12. Bg3 Nxg3 13. hxg3 Bf6 14. Qd2 Qc7 15.
Ne2 Re8 16. c3 Bb7 17. Qc2 Re7 18. Nh4 Nf8 19. Nf5 Rd7 20. Rad1 Rad8 21. d5 c5
22. Qd3 Re8 23. Bc4 Ra8 24. g4 g6 25. Nxh6+ Kg7 26. Nf5+ gxf5 27. gxf5 Nh7 28.
f4 Rh8 29. g3 Rdd8 30. Kg2 Rdg8 31. Rh1 Kf8 32. Kf3 Ke7 33. Rdg1 a5 34. Bb5 Qd8
35. Ba6 Qc8 36. Bb5 Nf8 37. Qd1 c4 38. fxe5 Bxe5 39. Nd4 Rxh1 40. f6+ Kxf6 41.
Kf2 Bxg3+ 0-1

[Event "Cappelle-la-Grande 2014"]
[Site "Cappelle-la-Grande (FRA)"]
[Date "????.??.??"]
[Round "6.88"]
[White "Goczo, Melinda"]
[Black "Bier, Armin"]
[Result "1-0"]
[WhiteElo "2227"]
[BlackElo "1946"]
[PlyCount "81"]

1. d4 d5 2. c4 c6 3. Nc3 Nf6 4. e3 e6 5. Qc2 Nbd7 6. Nf3 Bd6 7. Bd3 O-O 8. O-O
dxc4 9. Bxc4 e5 10. b3 b5 11. Bd3 Bb7 12. Ne4 Qc7 13. Nxd6 Qxd6 14. dxe5 Nxe5
15. Nxe5 Qxe5 16. Bb2 Qh5 17. Bxf6 gxf6 18. Be4 Rac8 19. b4 Rfd8 20. f4 Rd6 21.
Rad1 Rcd8 22. Rxd6 Rxd6 23. Rf3 Bc8 24. h3 Be6 25. Bxc6 Bc4 26. Be4 Qh4 27. Kh2
Qe1 28. Rg3+ Kf8 29. Bxh7 Rd1 30. Rg8+ Ke7 31. Qe4+ Be6 32. f5 Qg1+ 33. Kg3 Re1
34. Kf3 Qf1+ 35. Kg3 Qg1 36. Kf3 Qf1+ 37. Kg4 Rc1 38. Qa8 Bxf5+ 39. Bxf5 Rc4+
40. Kg3 Qe1+ 41. Kh2 1-0

[Event "Cappelle-la-Grande 2014"]
[Site "Cappelle-la-Grande (FRA)"]
[Date "????.??.??"]
[Round "6.89"]
[White "Gauthier, Cyrille"]
[Black "Cappon, John"]
[Result "0-1"]
[WhiteElo "1922"]
[BlackElo "2227"]
[PlyCount "72"]

1. e4 e6 2. d4 d5 3. e5 c5 4. c3 Nc6 5. Nf3 Qb6 6. a3 c4 7. h4 Bd7 8. g3 h6 9.
Bh3 Na5 10. Nbd2 Ne7 11. O-O Qc7 12. Nh2 O-O-O 13. Ng4 Kb8 14. a4 Nc8 15. b3
cxb3 16. Nxb3 Qxc3 17. Nxa5 Qxa1 18. Qb3 Nb6 19. Bg5 Qxf1+ 20. Bxf1 hxg5 21.
hxg5 Bxa4 22. Qf3 Bb4 23. Nb3 Rc8 24. Nc5 Bxc5 25. dxc5 Rxc5 26. Qxf7 Rc7 27.
Qg6 Be8 28. Qb1 Nc4 29. Qb4 a5 30. Qc3 a4 31. Ne3 Nd6 32. Qb4 Ne4 33. Kg2 Nxg5
34. Qb6 d4 35. Nc4 Bc6+ 36. f3 Nxf3 0-1

[Event "Cappelle-la-Grande 2014"]
[Site "Cappelle-la-Grande (FRA)"]
[Date "????.??.??"]
[Round "6.90"]
[White "Jarmula, Lukasz"]
[Black "Shinoda, Taro"]
[Result "1-0"]
[WhiteElo "2225"]
[BlackElo "1909"]
[PlyCount "71"]

1. d4 Nf6 2. c4 c5 3. d5 e6 4. Nc3 exd5 5. cxd5 d6 6. Nf3 g6 7. Bf4 a6 8. a4
Qe7 9. e3 Bg4 10. Qb3 Bxf3 11. gxf3 Qc7 12. Bh3 Nbd7 13. Bxd7+ Nxd7 14. Ke2 Bg7
15. Ne4 Ne5 16. Bxe5 Bxe5 17. f4 Bg7 18. Qxb7 Kd7 19. Qxc7+ Kxc7 20. Rab1 Rab8
21. b4 Rhe8 22. Ng5 h6 23. Nxf7 Rf8 24. bxc5 Rxb1 25. cxd6+ Kd7 26. Rxb1 Rxf7
27. Rb7+ Ke8 28. Rb8+ Kd7 29. Rb7+ Ke8 30. Rb6 a5 31. Kd3 Bf8 32. Kd4 Bg7+ 33.
Kc5 Bc3 34. Rb8+ Kd7 35. Rb7+ Ke8 36. Rxf7 1-0

[Event "Cappelle-la-Grande 2014"]
[Site "Cappelle-la-Grande (FRA)"]
[Date "????.??.??"]
[Round "6.91"]
[White "Le Goff, Damien"]
[Black "Boulet, Frederic"]
[Result "1-0"]
[WhiteElo "2224"]
[BlackElo "1903"]
[PlyCount "65"]

1. e4 Nf6 2. e5 Nd5 3. d4 d6 4. Nf3 dxe5 5. Nxe5 g6 6. Bc4 c6 7. Bb3 Be6 8. O-O
Bg7 9. Qe2 O-O 10. c4 Nc7 11. Rd1 Nd7 12. Nf3 Nb6 13. Nc3 Bg4 14. Be3 e6 15. h3
Bxf3 16. Qxf3 Qf6 17. Qg3 Qe7 18. Bg5 Qd7 19. Ne4 f6 20. Bf4 Ne8 21. a4 Rd8 22.
a5 Nc8 23. Nc5 Qf7 24. Qe3 e5 25. dxe5 Rxd1+ 26. Rxd1 fxe5 27. Bxe5 Bxe5 28.
Qxe5 Qxf2+ 29. Kh1 Ned6 30. Ne4 Nf7 31. c5 Qf5 32. Qxf5 gxf5 33. Ng5 1-0

[Event "Cappelle-la-Grande 2014"]
[Site "Cappelle-la-Grande (FRA)"]
[Date "????.??.??"]
[Round "6.92"]
[White "Roche, Laurent"]
[Black "Rubery, Mark"]
[Result "0-1"]
[WhiteElo "1890"]
[BlackElo "2224"]
[PlyCount "58"]

1. e4 c5 2. Nc3 Nc6 3. f4 g6 4. Nf3 Bg7 5. Bb5 Nd4 6. d3 e6 7. O-O Ne7 8. e5 a6
9. Bc4 d5 10. exd6 Qxd6 11. Ne5 O-O 12. Ne4 Qc7 13. c3 Ndc6 14. Ng4 b5 15.
Nef6+ Bxf6 16. Nxf6+ Kg7 17. f5 Nxf5 18. Rxf5 exf5 19. Nd5 Qd8 20. Qd2 f6 21.
Qh6+ Kh8 22. Nf4 bxc4 23. Nxg6+ Kg8 24. Be3 Rf7 25. Nf4 Ne5 26. h3 cxd3 27. Nh5
Ng6 28. Bxc5 Bb7 29. Rd1 Qd5 0-1

[Event "Cappelle-la-Grande 2014"]
[Site "Cappelle-la-Grande (FRA)"]
[Date "????.??.??"]
[Round "6.93"]
[White "Noiroux, Kevin"]
[Black "Vekemans, Sylvain"]
[Result "0-1"]
[WhiteElo "2222"]
[BlackElo "1867"]
[PlyCount "102"]

1. d4 Nf6 2. Bf4 c5 3. c3 e6 4. e3 d5 5. Nf3 Nc6 6. Nbd2 h6 7. Ne5 Nxe5 8. Bxe5
Be7 9. Bd3 O-O 10. Bxf6 Bxf6 11. Qh5 Qb6 12. Rb1 Bd7 13. f4 cxd4 14. exd4 Bb5
15. Qe2 Bxd3 16. Qxd3 Qd6 17. O-O a5 18. a4 Be7 19. Rbe1 Qa6 20. Qh3 Rac8 21.
f5 Rc6 22. f6 Bxf6 23. Rxf6 gxf6 24. Re3 Kh7 25. Qh5 f5 26. Rh3 e5 27. Qxf5+
Rg6 28. Re3 exd4 29. cxd4 Qc6 30. b3 Kg8 31. h4 Re8 32. Rf3 Re1+ 33. Nf1 Qe6
34. Qf4 Rg4 35. Qb8+ Kg7 36. Qxb7 Qg6 37. Rf2 Rxf1+ 38. Rxf1 Rxg2+ 39. Kh1 Rg3
40. Kh2 Rg4 41. Kh3 Rxd4 42. Qa7 Qg4+ 43. Kh2 Rd2+ 44. Rf2 Qxh4+ 45. Kg2 Rxf2+
46. Qxf2 Qxf2+ 47. Kxf2 Kf6 48. b4 Ke5 49. b5 h5 50. Kg3 d4 51. b6 Kd6 0-1

[Event "Cappelle-la-Grande 2014"]
[Site "Cappelle-la-Grande (FRA)"]
[Date "????.??.??"]
[Round "6.96"]
[White "Milchev, Nikolay"]
[Black "Sadikhov, Ulvi"]
[Result "0-1"]
[WhiteElo "2469"]
[BlackElo "2263"]
[PlyCount "92"]

1. d4 d6 2. Nf3 Nd7 3. c4 g6 4. Nc3 Bg7 5. e4 e5 6. Be3 Ne7 7. Qd2 exd4 8. Nxd4
Nc6 9. Be2 O-O 10. O-O Re8 11. Rad1 Nxd4 12. Bxd4 Nf6 13. f3 b6 14. Rfe1 Bb7
15. Nd5 c5 16. Bc3 Bxd5 17. cxd5 a6 18. Bf1 Nh5 19. g3 Bxc3 20. bxc3 b5 21. f4
Ra7 22. Re2 Rae7 23. Rde1 Nf6 24. Bg2 Nd7 25. e5 Nb6 26. e6 f5 27. Bf3 h5 28.
h3 Rh7 29. Rg2 Rf8 30. Qe2 Qf6 31. e7 Re8 32. Qe6+ Rf7 33. Rge2 Kg7 34. g4 fxg4
35. hxg4 Qxf4 36. gxh5 Rf6 37. Rg2 Rxe6 38. Rxe6 Qxf3 39. Rexg6+ Kf7 40. Rg7+
Kf6 41. R2g6+ Ke5 42. h6 Nxd5 43. h7 Qh3 44. Rg3 Qxg3+ 45. Rxg3 Nxe7 46. Rg8
Rxg8+ 0-1

[Event "Cappelle-la-Grande 2014"]
[Site "Cappelle-la-Grande (FRA)"]
[Date "????.??.??"]
[Round "6.97"]
[White "Georgiadis, Nico"]
[Black "Sgircea, Silvia-Raluca"]
[Result "1/2-1/2"]
[WhiteElo "2441"]
[BlackElo "2245"]
[PlyCount "81"]

1. e4 c5 2. Nf3 g6 3. d4 cxd4 4. Nxd4 Nc6 5. Nc3 Bg7 6. Be3 Nf6 7. Bc4 O-O 8.
Bb3 d6 9. f3 Bd7 10. Qd2 Nxd4 11. Bxd4 b5 12. h4 a5 13. a4 bxa4 14. Bxa4 Bxa4
15. Nxa4 Rb8 16. b3 Qc7 17. Nb2 Rb5 18. Qc3 Qxc3+ 19. Bxc3 Rc8 20. Nc4 d5 21.
exd5 Nxd5 22. Bxg7 Kxg7 23. Kd2 Nb4 24. c3 Nc6 25. Kc2 Rcb8 26. Ra3 Rc5 27. Rd1
Rb7 28. Rda1 Rbb5 29. Ra4 Rh5 30. g3 Rhf5 31. f4 h5 32. Re1 Rfd5 33. Re4 Rd7
34. Ne3 e6 35. Rec4 Ne7 36. b4 axb4 37. Rcxb4 Rc5 38. Rc4 Rb5 39. Rd4 Rc7 40.
c4 Rbc5 41. Kd2 1/2-1/2

[Event "Cappelle-la-Grande 2014"]
[Site "Cappelle-la-Grande (FRA)"]
[Date "????.??.??"]
[Round "6.98"]
[White "Bykhovsky, Avigdor"]
[Black "Jeanne, Mickael"]
[Result "1/2-1/2"]
[WhiteElo "2421"]
[BlackElo "2234"]
[PlyCount "76"]

1. Nf3 d5 2. g3 Nf6 3. Bg2 e6 4. O-O b5 5. d3 Bb7 6. Nbd2 Be7 7. e4 c5 8. e5
Nfd7 9. h4 Nc6 10. Re1 b4 11. Nf1 h6 12. N1h2 Qc7 13. Qe2 a5 14. Bf4 Ba6 15.
Ng4 Nb6 16. c3 c4 17. d4 O-O-O 18. a3 bxc3 19. bxc3 a4 20. Ne3 Na5 21. Nc2 Nb3
22. Ra2 Rdg8 23. Nh2 g5 24. hxg5 hxg5 25. Be3 Qd8 26. Nb4 Bb5 27. Ng4 Rg6 28.
Qc2 Qg8 29. f3 Rh5 30. Kf2 Qh8 31. Qb1 Rg7 32. Rae2 Rgh7 33. Bc1 Na8 34. Bb2
Nc7 35. Rd1 Bd7 36. Ree1 Nb5 37. Ke3 Kb8 38. Kf2 Kc8 1/2-1/2

[Event "Cappelle-la-Grande 2014"]
[Site "Cappelle-la-Grande (FRA)"]
[Date "????.??.??"]
[Round "6.99"]
[White "Grabinsky, Vladimir"]
[Black "Mateo, Ramon"]
[Result "1/2-1/2"]
[WhiteElo "2263"]
[BlackElo "2413"]
[PlyCount "45"]

1. c4 e5 2. Nc3 Nc6 3. g3 g6 4. Bg2 Bg7 5. e4 d6 6. d3 Nge7 7. Nge2 O-O 8. O-O
Nd4 9. Nxd4 exd4 10. Ne2 c6 11. Bg5 h6 12. Bf4 f5 13. Qb3 Kh7 14. Qa3 c5 15.
exf5 Rxf5 16. b4 Nc6 17. bxc5 Rxc5 18. Nc1 Ne5 19. Rb1 Ra5 20. Qb2 Nc6 21. Re1
Qf6 22. Be4 Rh5 23. Kg2 1/2-1/2

[Event "Cappelle-la-Grande 2014"]
[Site "Cappelle-la-Grande (FRA)"]
[Date "????.??.??"]
[Round "6.100"]
[White "Berzinsh, Roland"]
[Black "Donovan, Linton"]
[Result "0-1"]
[WhiteElo "2408"]
[BlackElo "2233"]
[PlyCount "82"]

1. e4 e6 2. d4 d5 3. Nd2 Be7 4. Bd3 c5 5. dxc5 Nf6 6. Qe2 Nc6 7. Ngf3 O-O 8.
O-O Nb4 9. Rd1 Nxd3 10. cxd3 Bxc5 11. Nb3 Be7 12. Bg5 h6 13. Bh4 g5 14. Bg3 Nh5
15. Ne5 Nxg3 16. hxg3 Bf6 17. Ng4 Bg7 18. e5 h5 19. Nh2 f5 20. Qxh5 Bxe5 21.
Nf3 Bxb2 22. d4 Bxa1 23. Nxg5 Qe7 24. Rxa1 Bd7 25. Nc5 Rf6 26. Re1 b6 27. Nd3
Qg7 28. Qh4 Raf8 29. Qf4 Rg6 30. Nf3 Rg4 31. Qd6 Bc8 32. Nf4 Qd7 33. Qa3 Qg7
34. Ne5 Rg5 35. Rc1 Rd8 36. Rc6 Qb7 37. Rxe6 Rg7 38. Nc6 Rf8 39. Rh6 Re8 40.
Nxd5 Re1+ 41. Kh2 Qxc6 0-1

[Event "Cappelle-la-Grande 2014"]
[Site "Cappelle-la-Grande (FRA)"]
[Date "????.??.??"]
[Round "7.13"]
[White "Hasangatin, Ramil"]
[Black "Vazquez Igarza, Renier"]
[Result "1/2-1/2"]
[WhiteElo "2494"]
[BlackElo "2577"]
[PlyCount "61"]

1. e4 c6 2. d4 d5 3. Nd2 dxe4 4. Nxe4 Bf5 5. Ng3 Bg6 6. Bc4 e6 7. N1e2 Bd6 8.
Nf4 Nf6 9. c3 Qc7 10. Qf3 Nbd7 11. Nxg6 hxg6 12. Ne4 Nxe4 13. Qxe4 Qa5 14. g3
Nf6 15. Qf3 Qf5 16. Be2 Nd5 17. h4 Be7 18. Kf1 a5 19. a4 Rd8 20. Kg2 Rd7 21.
Re1 Kd8 22. Bd3 Qxf3+ 23. Kxf3 Kc8 24. Bc2 Rdd8 25. Kg2 Kc7 26. Bb3 Rd7 27. Bc4
Rhd8 28. Bf1 Rh8 29. Bc4 Rhd8 30. Bf1 Rh8 31. Bc4 1/2-1/2

[Event "Cappelle-la-Grande 2014"]
[Site "Cappelle-la-Grande (FRA)"]
[Date "????.??.??"]
[Round "7.14"]
[White "Gao, Rui"]
[Black "Gurevich, Mikhail"]
[Result "1-0"]
[WhiteElo "2468"]
[BlackElo "2574"]
[PlyCount "41"]

1. e4 e6 2. d4 d5 3. Nc3 Nf6 4. e5 Nfd7 5. f4 c5 6. Nf3 Nc6 7. Be3 cxd4 8. Nxd4
Bc5 9. Qd2 O-O 10. O-O-O Qe7 11. Kb1 f6 12. exf6 Nxf6 13. Bb5 Bd7 14. Nf5 exf5
15. Nxd5 Qd6 16. Nxf6+ Qxf6 17. Bxc5 Rfd8 18. Rhe1 Be6 19. Qe3 a6 20. Bd3 Re8
21. Bc4 1-0

[Event "Cappelle-la-Grande 2014"]
[Site "Cappelle-la-Grande (FRA)"]
[Date "????.??.??"]
[Round "7.15"]
[White "Barbosa, Evandro Amorim"]
[Black "Piorun, Kacper"]
[Result "0-1"]
[WhiteElo "2459"]
[BlackElo "2570"]
[PlyCount "102"]

1. e4 e6 2. d4 d5 3. Nc3 Bb4 4. e5 c5 5. a3 Bxc3+ 6. bxc3 Qa5 7. Bd2 Qa4 8. Qb1
c4 9. h4 Nc6 10. h5 h6 11. Ne2 Bd7 12. Nf4 O-O-O 13. g3 Nge7 14. Bh3 Kb8 15.
O-O Nc8 16. Kh2 Nb6 17. Ng2 Qa5 18. Qd1 Na4 19. f4 g6 20. Ne3 Ne7 21. Ng4 Rdf8
22. Nf6 Qd8 23. Qg4 Bc8 24. Rab1 Nb6 25. a4 Nd7 26. Nxd7+ Bxd7 27. a5 Nf5 28.
Qe2 Ng7 29. Bc1 Qxa5 30. Bb2 Rc8 31. Ra1 Qd8 32. Ba3 Rc6 33. g4 gxh5 34. gxh5
Qh4 35. Qg4 Qxg4 36. Bxg4 Ne8 37. f5 exf5 38. Bxf5 Bxf5 39. Rxf5 f6 40. Raf1
fxe5 41. dxe5 Kc8 42. Rf7 Re6 43. R1f5 Rg8 44. Bf8 a5 45. Rh7 a4 46. Rxh6 Rxf8
47. Rxe6 Rxf5 48. Rxe8+ Kd7 49. Rb8 Rxh5+ 50. Kg3 Rxe5 51. Rxb7+ Kc6 0-1

[Event "Cappelle-la-Grande 2014"]
[Site "Cappelle-la-Grande (FRA)"]
[Date "????.??.??"]
[Round "7.16"]
[White "Burmakin, Vladimir"]
[Black "Dumitrache, Dragos-Nicolae"]
[Result "1/2-1/2"]
[WhiteElo "2568"]
[BlackElo "2453"]
[PlyCount "107"]

1. d4 Nf6 2. Nf3 d6 3. g3 Nbd7 4. c4 e5 5. Nc3 g6 6. Bg2 Bg7 7. O-O O-O 8. h3
Re8 9. e4 exd4 10. Nxd4 a6 11. Re1 Rb8 12. Bg5 h6 13. Bf4 Ne5 14. b3 c5 15. Nf3
Nxf3+ 16. Qxf3 g5 17. Bd2 b5 18. Qd3 b4 19. Ne2 Bb7 20. f3 Nd7 21. Rad1 Ne5 22.
Qc2 f5 23. f4 gxf4 24. Nxf4 fxe4 25. Rxe4 Bxe4 26. Bxe4 Kh8 27. Bc1 Rc8 28. Kg2
Rc7 29. Bb2 Bf6 30. Nh5 Rf7 31. Bg6 Nxg6 32. Qxg6 Re2+ 33. Kh1 Bxb2 34. Qxf7
Be5 35. Nf4 Bxf4 36. Qxf4 Re6 37. Rf1 Qe7 38. Kg2 Kg7 39. Rf2 a5 40. Qg4+ Rg6
41. Re2 Qb7+ 42. Qe4 Qxe4+ 43. Rxe4 Kf7 44. Kf3 Rg5 45. h4 Rg8 46. g4 a4 47.
Re3 axb3 48. axb3 Ra8 49. Ke4 Re8+ 50. Kf4 Ra8 51. Rd3 Ke6 52. Re3+ Kf7 53. Rd3
Ke6 54. Re3+ 1/2-1/2

[Event "Cappelle-la-Grande 2014"]
[Site "Cappelle-la-Grande (FRA)"]
[Date "????.??.??"]
[Round "7.17"]
[White "Szabo, Gergely-Andras-Gyul"]
[Black "Lazarev, Vladimir"]
[Result "1/2-1/2"]
[WhiteElo "2551"]
[BlackElo "2422"]
[PlyCount "73"]

1. c4 e6 2. g3 d5 3. Bg2 Nf6 4. Nf3 dxc4 5. Qa4+ Nbd7 6. Qxc4 a6 7. Qc2 Rb8 8.
d3 b6 9. O-O Bb7 10. b3 Bd6 11. Bb2 c5 12. Nbd2 O-O 13. Rfd1 b5 14. Rac1 Rc8
15. Ne4 Be7 16. Ne5 Nd5 17. Qb1 Nxe5 18. Bxe5 Re8 19. d4 cxd4 20. Bxd4 Qa5 21.
Bc5 Bxc5 22. Nxc5 Ba8 23. Bxd5 Bxd5 24. e4 Ba8 25. b4 Qb6 26. Rd7 a5 27. a3
axb4 28. axb4 h6 29. Qd3 Bc6 30. Rd6 Qb8 31. Rd1 Bd5 32. Rd7 Bc6 33. Rd4 Qe5
34. Ra1 f5 35. f4 fxe4 36. Qe3 Qh5 37. Re1 1/2-1/2

[Event "Cappelle-la-Grande 2014"]
[Site "Cappelle-la-Grande (FRA)"]
[Date "????.??.??"]
[Round "7.18"]
[White "Kanmazalp, Ogulcan"]
[Black "Heberla, Bartlomiej"]
[Result "0-1"]
[WhiteElo "2416"]
[BlackElo "2544"]
[PlyCount "104"]

1. e4 c5 2. Nf3 e6 3. d4 cxd4 4. Nxd4 Nf6 5. Nc3 Nc6 6. Ndb5 Bc5 7. Nd6+ Ke7 8.
Bf4 e5 9. Nf5+ Kf8 10. Bg5 d6 11. Bxf6 Qxf6 12. Nd5 Qg6 13. Qf3 Be6 14. Bd3 Nb4
15. Nxb4 Bxb4+ 16. c3 Bc5 17. O-O Qf6 18. Rfd1 Rd8 19. Bc2 g6 20. Ne3 Qxf3 21.
gxf3 Bxe3 22. fxe3 Ke7 23. Bb3 f5 24. exf5 gxf5 25. Kf2 Rhg8 26. Rg1 Rg6 27.
Bxe6 Kxe6 28. Rg3 b5 29. a4 b4 30. Rxg6+ hxg6 31. cxb4 Rc8 32. Kg3 Rc2 33. Ra2
g5 34. b5 f4+ 35. exf4 gxf4+ 36. Kh3 Rf2 37. Ra3 Rxb2 38. Rc3 Ra2 39. Rc4 Kd5
40. Rb4 Kc5 41. Re4 Rf2 42. Kg4 Rxh2 43. Re1 Ra2 44. Rc1+ Kd5 45. Kf5 Rxa4 46.
Rd1+ Kc5 47. Ke6 Rd4 48. Ra1 Kxb5 49. Rxa7 Kc4 50. Kf5 Rd3 51. Kg4 Kd5 52. Re7
Rd1 0-1

[Event "Cappelle-la-Grande 2014"]
[Site "Cappelle-la-Grande (FRA)"]
[Date "????.??.??"]
[Round "7.19"]
[White "Kveinys, Aloyzas"]
[Black "Yagupov, Igor"]
[Result "1-0"]
[WhiteElo "2530"]
[BlackElo "2393"]
[PlyCount "75"]

1. d4 d5 2. c4 c6 3. Nf3 Nf6 4. e3 Bf5 5. Nc3 e6 6. Nh4 Bg6 7. Be2 Nbd7 8. g3
Bd6 9. O-O dxc4 10. Bxc4 Bh5 11. Be2 Bxe2 12. Qxe2 c5 13. dxc5 Bxc5 14. e4 O-O
15. Rd1 Qa5 16. Bd2 Rfd8 17. Kg2 Qa6 18. Qxa6 bxa6 19. Nf3 Bb6 20. Bg5 h6 21.
Bxf6 gxf6 22. Na4 Ne5 23. Nxe5 fxe5 24. Rac1 Bd4 25. Rc6 Rac8 26. Rdc1 Rxc6 27.
Rxc6 Kg7 28. Kf3 a5 29. Ke2 Rb8 30. b3 Rb7 31. h4 Kg6 32. f3 Kh5 33. Nc5 Rb5
34. Nd3 Kg6 35. Rc4 Rb7 36. f4 Rb5 37. fxe5 Bxe5 38. a4 1-0

[Event "Cappelle-la-Grande 2014"]
[Site "Cappelle-la-Grande (FRA)"]
[Date "????.??.??"]
[Round "7.20"]
[White "Maiorov, Nikita"]
[Black "Migot, Tangi"]
[Result "1/2-1/2"]
[WhiteElo "2520"]
[BlackElo "2379"]
[PlyCount "93"]

1. d4 Nf6 2. c4 g6 3. Nf3 Bg7 4. g3 d5 5. Bg2 dxc4 6. Na3 c3 7. bxc3 O-O 8. O-O
c5 9. e3 Nc6 10. Bb2 Qb6 11. Qe2 Bf5 12. Rfc1 Rfd8 13. Bf1 Na5 14. Ne5 Rac8 15.
Nac4 Nxc4 16. Nxc4 Qe6 17. a4 b6 18. Ne5 Ne8 19. Nd3 g5 20. a5 Nd6 21. axb6
axb6 22. Ne1 cxd4 23. cxd4 Rxc1 24. Rxc1 Rc8 25. Rxc8+ Qxc8 26. Ba3 Qc7 27.
Bxd6 Qxd6 28. Qb5 e6 29. Bd3 Bxd3 30. Nxd3 Bf6 31. Nb4 Kf8 32. Nc6 Bd8 33. Qa4
Kg7 34. Qa8 Bf6 35. Qb7 Bd8 36. Qc8 Bc7 37. Qa8 h6 38. Na7 Bd8 39. Nb5 Qd7 40.
Nc3 Be7 41. Qa6 Qc6 42. Qd3 Bb4 43. Nb5 Qc1+ 44. Kg2 Qb2 45. Kf1 Qc1+ 46. Kg2
Qb2 47. Kf1 1/2-1/2

[Event "Cappelle-la-Grande 2014"]
[Site "Cappelle-la-Grande (FRA)"]
[Date "????.??.??"]
[Round "7.21"]
[White "Iturrizaga, Eduardo"]
[Black "Ivanov, Mikhail M"]
[Result "1-0"]
[WhiteElo "2645"]
[BlackElo "2367"]
[PlyCount "93"]

1. Nf3 d5 2. c4 d4 3. b4 g6 4. Bb2 Bg7 5. d3 e5 6. g3 a5 7. b5 Ne7 8. Bg2 c5 9.
bxc6 Nexc6 10. Na3 Na6 11. Nb5 O-O 12. O-O Bf5 13. Ba3 Nab4 14. Nd2 Qe7 15. Rb1
Rfd8 16. Rb2 Bf8 17. Qb1 Be6 18. Rc1 f5 19. Rb3 h5 20. Qb2 g5 21. Ra1 g4 22.
Bxb4 Nxb4 23. Rb1 h4 24. Na3 h3 25. Bh1 Bd7 26. Bxb7 Rab8 27. Bd5+ Nxd5 28.
Rxb8 Rxb8 29. Qxb8 Nc3 30. Nc2 Nxb1 31. Qxb1 Ba4 32. f3 Qg5 33. Nf1 gxf3 34.
exf3 Bc6 35. Qb6 Bxf3 36. Qe6+ Kh7 37. Qxe5 Bg7 38. Qxa5 Qg4 39. Ne1 Be2 40.
Qd5 Bh6 41. Qf7+ Kh8 42. Qe6 Bc1 43. a4 Ba3 44. a5 Bb4 45. Qc8+ Qg8 46. Qxf5
Bxe1 47. Qe5+ 1-0

[Event "Cappelle-la-Grande 2014"]
[Site "Cappelle-la-Grande (FRA)"]
[Date "????.??.??"]
[Round "7.22"]
[White "Kravtsiv, Martyn"]
[Black "Godart, Francois"]
[Result "1/2-1/2"]
[WhiteElo "2601"]
[BlackElo "2359"]
[PlyCount "40"]

1. e4 e6 2. d4 d5 3. Nc3 Bb4 4. e5 c5 5. a3 Bxc3+ 6. bxc3 Ne7 7. Nf3 Qc7 8. a4
O-O 9. Bd3 h6 10. O-O b6 11. Re1 Ba6 12. Nh4 Bxd3 13. cxd3 cxd4 14. cxd4 Qc3
15. Be3 Nbc6 16. Rc1 Qa3 17. Ra1 Qc3 18. Rc1 Qa3 19. Ra1 Qc3 20. Rc1 Qa3
1/2-1/2

[Event "Cappelle-la-Grande 2014"]
[Site "Cappelle-la-Grande (FRA)"]
[Date "????.??.??"]
[Round "7.23"]
[White "Daulyte, Deimante"]
[Black "Cornette, Matthieu"]
[Result "1/2-1/2"]
[WhiteElo "2357"]
[BlackElo "2566"]
[PlyCount "44"]

1. e4 e5 2. Nf3 Nc6 3. Nc3 Nf6 4. d4 exd4 5. Nxd4 Bb4 6. Nxc6 bxc6 7. Bd3 d5 8.
exd5 cxd5 9. O-O O-O 10. Bg5 c6 11. Qf3 Bd6 12. Rae1 h6 13. Bxf6 Qxf6 14. Qxf6
gxf6 15. Nd1 Be6 16. Ne3 Rab8 17. b3 Bb4 18. Re2 Rfe8 19. Nf5 Bxf5 20. Rxe8+
Rxe8 21. Bxf5 a5 22. a4 d4 1/2-1/2

[Event "Cappelle-la-Grande 2014"]
[Site "Cappelle-la-Grande (FRA)"]
[Date "????.??.??"]
[Round "7.24"]
[White "Marholev, Dimitar"]
[Black "Baryshpolets, Andrey"]
[Result "0-1"]
[WhiteElo "2326"]
[BlackElo "2558"]
[PlyCount "96"]

1. Nf3 Nf6 2. c4 e6 3. g3 d5 4. Bg2 d4 5. O-O c5 6. d3 Nc6 7. e3 Bd6 8. exd4
cxd4 9. Na3 O-O 10. Nc2 e5 11. b4 a6 12. c5 Bc7 13. Bg5 h6 14. Bxf6 Qxf6 15.
Nd2 Qg6 16. a4 Bf5 17. Ne4 Bg4 18. f3 Bd7 19. b5 axb5 20. axb5 Ne7 21. b6 Rxa1
22. Qxa1 Bb8 23. Qa8 Bc6 24. Nb4 Nd5 25. Nxc6 Qxc6 26. Rc1 Nxb6 27. Qa2 Nd5 28.
f4 Ne3 29. f5 Rc8 30. Bh3 b5 31. f6 Rd8 32. fxg7 Kxg7 33. g4 Bc7 34. Rb1 Ra8
35. Qb2 Rb8 36. Kh1 b4 37. Rg1 Bd8 38. Rg3 Qd5 39. Bg2 b3 40. Bf3 Qd7 41. Nd6
Bg5 42. Rg1 Qc7 43. h4 Qxc5 44. Nf5+ Nxf5 45. gxf5 Qc2 46. f6+ Kh8 47. Rb1 Qxb2
48. Rxb2 Bc1 0-1

[Event "Cappelle-la-Grande 2014"]
[Site "Cappelle-la-Grande (FRA)"]
[Date "????.??.??"]
[Round "7.25"]
[White "Spraggett, Kevin"]
[Black "Hoolt, Sarah"]
[Result "1-0"]
[WhiteElo "2557"]
[BlackElo "2345"]
[PlyCount "95"]

1. e4 c5 2. Nf3 e6 3. d4 cxd4 4. Nxd4 a6 5. Nc3 Qc7 6. Bd3 Nf6 7. O-O d6 8. f4
Be7 9. Nf3 Nbd7 10. Qe1 e5 11. Kh1 O-O 12. Nh4 Nc5 13. fxe5 dxe5 14. Bg5 Ne6
15. Bxf6 Bxf6 16. Nd5 Bxh4 17. Nxc7 Bxe1 18. Nxa8 Ba5 19. b4 Bxb4 20. Nb6 Bc5
21. Rab1 Bxb6 22. Rxb6 Rd8 23. Bc4 Rd2 24. c3 Nd8 25. Rbb1 Kf8 26. Rbd1 Rxd1
27. Rxd1 Ke7 28. Kg1 f6 29. Kf2 Nc6 30. Bd5 Nd8 31. Ke3 b5 32. c4 bxc4 33. Rc1
Bd7 34. Bxc4 a5 35. Bg8 h6 36. Rc5 a4 37. Rc7 Nc6 38. Rb7 Nd4 39. Kd3 g5 40.
Kc4 h5 41. Kc5 h4 42. Bh7 Kd8 43. h3 Kc8 44. Rb6 Be6 45. Bf5 Bxf5 46. exf5 Nxf5
47. Rxf6 Ne3 48. Rf2 1-0

[Event "Cappelle-la-Grande 2014"]
[Site "Cappelle-la-Grande (FRA)"]
[Date "????.??.??"]
[Round "7.26"]
[White "Berkovich, Mark A"]
[Black "Eingorn, Vereslav S"]
[Result "1/2-1/2"]
[WhiteElo "2334"]
[BlackElo "2556"]
[PlyCount "41"]

1. Nf3 c5 2. g3 g6 3. c4 Bg7 4. Bg2 Nc6 5. Nc3 b6 6. O-O Bb7 7. e3 Nf6 8. d4
Na5 9. b3 d5 10. cxd5 Nxd5 11. Bd2 cxd4 12. Nxd4 Bxd4 13. exd4 Nxc3 14. Bxc3
Bxg2 15. Kxg2 Qd5+ 16. Qf3 Rd8 17. Bxa5 Qxa5 18. Rfe1 Qd5 19. Rac1 Qxf3+ 20.
Kxf3 Kd7 21. Rc4 1/2-1/2

[Event "Cappelle-la-Grande 2014"]
[Site "Cappelle-la-Grande (FRA)"]
[Date "????.??.??"]
[Round "7.27"]
[White "Brodsky, Michail"]
[Black "Munschi, Serge"]
[Result "1-0"]
[WhiteElo "2554"]
[BlackElo "2309"]
[PlyCount "69"]

1. d4 Nf6 2. c4 b6 3. Nc3 Bb7 4. Qc2 d5 5. cxd5 Nxd5 6. Nf3 g6 7. e4 Nxc3 8.
bxc3 Bg7 9. Bb5+ c6 10. Bd3 O-O 11. O-O c5 12. d5 Ba6 13. Bg5 Bxd3 14. Qxd3 f6
15. Bh4 e5 16. a4 Nd7 17. a5 Qc7 18. Nd2 Rac8 19. axb6 axb6 20. Qb5 c4 21. Ra4
Bh6 22. Rxc4 Qd6 23. Rxc8 Rxc8 24. Nc4 Qc7 25. Rb1 Bf8 26. f3 Qc5+ 27. Qxc5
Bxc5+ 28. Kf1 Ra8 29. Bf2 Bxf2 30. Kxf2 Rc8 31. Rb4 f5 32. Nxb6 Nxb6 33. Rxb6
Rxc3 34. Re6 Rc2+ 35. Kg3 1-0

[Event "Cappelle-la-Grande 2014"]
[Site "Cappelle-la-Grande (FRA)"]
[Date "????.??.??"]
[Round "7.28"]
[White "Shvayger, Yuliya"]
[Black "Djukic, Nikola"]
[Result "1/2-1/2"]
[WhiteElo "2307"]
[BlackElo "2551"]
[PlyCount "85"]

1. e4 c5 2. Nf3 Nc6 3. Bb5 e6 4. O-O Nge7 5. Re1 Nd4 6. Nxd4 cxd4 7. c3 a6 8.
Bf1 Nc6 9. d3 Bc5 10. Nd2 O-O 11. Nb3 d6 12. cxd4 Nxd4 13. Be3 Nxb3 14. Qxb3 e5
15. Rac1 b6 16. Qd1 Be6 17. a3 Qf6 18. b4 Bxe3 19. Rxe3 a5 20. Qd2 d5 21. Rc6
Qd8 22. Qb2 d4 23. Re1 Bd7 24. Rcc1 axb4 25. Qxb4 Qb8 26. f4 f6 27. Be2 exf4
28. Qxd4 Rd8 29. Rb1 b5 30. Qd5+ Kh8 31. d4 h6 32. Qc5 Qa7 33. Red1 Qxa3 34.
Qxa3 Rxa3 35. Bxb5 Re3 36. Bxd7 Rxd7 37. e5 fxe5 38. dxe5 Rxd1+ 39. Rxd1 Rxe5
40. Rd4 g5 41. h4 Kg7 42. hxg5 hxg5 43. g3 1/2-1/2